| 000 | 01127cab a2200349 4500 | ||
|---|---|---|---|
| 001 | ABS51565 | ||
| 008 | 090401t1994 xxu||||| |||| 00| 0 eng d | ||
| 035 | _a(Sirsi) u33579 | ||
| 041 | _aeng | ||
| 245 | _aSpecial needs housing | ||
| 260 | _c1994 | ||
| 300 | _aLOAN | ||
| 350 | _a0 | ||
| 490 |
_aHouse Builder _vSupplement October 1994 (32) |
||
| 520 | _aA special issue on niche sectors of the housing market, including retirement accommodation, starter homes and housing for the disabled. Comments on public policy, building regulations and planning issues. | ||
| 650 | _aMANAGEMENT-BUSINESS MANAGEMENT-DISCRIMINATION-DISABILITY DISCRIMINATION-ACCESSIBILITY | ||
| 650 | _aACCESSIBLE HOUSING | ||
| 650 | _aDEMOGRAPHIC CHANGE | ||
| 650 | _aDEMOGRAPHIC TRENDS | ||
| 650 | _aDISABLED PEOPLE | ||
| 650 | _aELDERLY PEOPLE | ||
| 650 | _aFIRST-TIME BUYERS | ||
| 650 | _aHOME OWNERSHIP | ||
| 650 | _aHOMEBUYERS | ||
| 650 | _aOWNER-OCCUPATION | ||
| 650 | _aRETIREMENT HOUSING | ||
| 650 | _aSOCIAL HOUSING | ||
| 650 | _aSPECIAL NEEDS HOUSING | ||
| 690 | _aHOUSING | ||
| 942 | _n0 | ||
| 948 | _c04/03/1997 | ||
| 999 |
_c22413 _d22413 |
||